| 000 | 00444nam a2200169Ia 4500 | ||
|---|---|---|---|
| 001 | 16967 | ||
| 003 | IN-NITTTR | ||
| 005 | 20251114233200.0 | ||
| 008 | 251113s9999||||xx |||||||||||||| ||eng|| | ||
| 040 | _beng | ||
| 040 | _cIN-NITTTR | ||
| 041 | _aeng | ||
| 082 | _a628.13 K18C | ||
| 100 | _aKays, William B. | ||
| 245 | 0 |
_aConstruction of linings for reservoirs,tanks and pollution control facilities. / _cKays, William B. |
|
| 942 |
_2ddc _cBK |
||
| 999 |
_c19601 _d19601 |
||